The ABC of free trade (Record no. 152903)

MARC details
000 -LEADER
campo de control de longitud fija 00867nam a22002175i 4500
001 - NÚMERO DE CONTROL
campo de control 152903
003 - IDENTIFICADOR DE NÚMERO DE CONTROL
campo de control ES-MaACL
005 - FECHA Y HORA DE LA ÚLTIMA TRANSACCIÓN
campo de control 20250728095142.0
008 - DATOS DE LONGITUD FIJA--INFORMACIÓN GENERAL
campo de control de longitud fija 051018s1882 xxk | |||||||| ||eng d
040 ## - FUENTE DE CATALOGACIÓN
Centro catalogador/agencia de origen CAM
Lengua de catalogación spa
Centro/agencia transcriptor CAM
100 1# - ENTRADA PRINCIPAL--NOMBRE DE PERSONA
Nombre de persona Buxton, Edward North.
9 (RLIN) 32989
245 14 - MENCIÓN DEL TÍTULO
Título The ABC of free trade
Resto del título : an address delivered to the West Ham Liberal Association, March 6, 1882 /
Mención de responsabilidad, etc. by Edward North Buxton.
260 ## - PUBLICACIÓN, DISTRIBUCIÓN, ETC.
Lugar de publicación, distribución, etc. London [etc] :
Nombre del editor, distribuidor, etc. Cassell, Petter, Galpin & Co.,
Fecha de publicación, distribución, etc. 1882.
300 ## - DESCRIPCIÓN FÍSICA
Extensión 31 p. ;
Dimensiones 18 cm.
490 1# - MENCIÓN DE SERIE
Mención de serie Works published for The Cobden Club
650 #7 - PUNTO DE ACCESO ADICIONAL DE MATERIA--TÉRMINO DE MATERIA
Término de materia o nombre geográfico como elemento de entrada Liberalismo económico
Fuente del encabezamiento o término embne
9 (RLIN) 135483
710 2# - ENTRADA AGREGADA--NOMBRE DE ENTIDAD CORPORATIVA
Nombre de entidad corporativa o nombre de jurisdicción como elemento de entrada Cobden Club (London, England)
9 (RLIN) 2870
830 0# - PUNTO DE ACCESO ADICIONAL DE SERIE-TÍTULO UNIFORME
Título uniforme Works published for The Cobden Club
9 (RLIN) 221378
852 ## - LOCALIZACIÓN
Ubicación ES-MaACL
Número de control de estantería T-1302-F-7
Nota libre -- Enc. hol., conservando la cub. original
-- -- Enc. en un vol. facticio
Holdings
Estatus retirado Estado de pérdida Estado de daño No para préstamo Colección Biblioteca de origen Biblioteca actual Ubicación en estantería Fecha de adquisición Total de préstamos Signatura topográfica completa Código de barras Visto por última vez Precio de reemplazo Tipo de ítem Koha
        Colección de folletos Biblioteca del Ateneo de Madrid Biblioteca del Ateneo de Madrid Depósito folletos 17/01/2008   T-1302-F-7 1159705 23/02/2023 23/02/2023 Folleto